000 00852nam a2200253Ia 4500
003 OSt
005 20220923211200.0
006 a|||||r|||| 00| 0
007 ta
008 220922b |||||||| |||| 00| 0 hin d
020 _a8188396095 (hbk)
_c300
024 _a242,830
037 _b160, 26/08/2009, Eastern Book Linkers
_cTextual
040 _aARTS
_cARTS
_bhin
041 _2hin
_ahin
082 _aO152,3N63,PA, P3
100 _aपैन्यूली, अर्चना
_9159237
245 0 _aपरिवर्तन
246 _aParivartana
260 _aदिल्ली
_b अभिरूचि प्रकाशन
_c2003
300 _a511पृ.
_ccm.
942 _hO152,3N63,PA, P3
_cTEXL
_2CC
999 _c296438
_d296438